000 00821nas a2200265 4500
001 BR2012003665
003 BR-BrBNA
005 20231205120550.0
007 ta
008 230509b bl.|||p| |||| 00| 00por d
040 _aBR-BrBNA
_bpor
_cBiblioteca Nacional de Agricultura
041 _a(Pt)
072 _aF70
100 1 _aAguiar, L.W.
100 1 _aMartau, L.
245 1 _aFlora fanerogâmica da reserva Biológica do Ibicuí-Mirim, Itaara, Rio Grande do Sul, Brasil: Begoniaceae
650 _aBEGONIACEAE
650 _aFLORA
650 _aBEGONIA CUCULATA
650 _aRIO GRANDE DO SUL
650 _aTAXONOMIA VEGETAL
773 0 _tIheringia. Série Botânica (Brazil)
_xISSN 0073-4705
_g(Aug 2000), v. 53 p. 79-83
_wBR2012003665
909 _a202311
_bLúcia
_c55
_dLúcia Elande
942 _2AGRIS
_n0
_cANA
999 _c219168
_d219168